Fr. Conceicao Rodrigues College of Engineering

Practice in Advanced Costing (Record no. 26111)

MARC details
000 -LEADER
fixed length control field 00318nam a2200145Ia 4500
082 ## - DEWEY DECIMAL CLASSIFICATION NUMBER
Classification number 658.152
Item number JAG
100 ## - MAIN ENTRY--PERSONAL NAME
Personal name Jagtap/ Subhash
245 ## - TITLE STATEMENT
Title Practice in Advanced Costing
260 ## - PUBLICATION, DISTRIBUTION, ETC.
Name of publisher, distributor, etc. Nirali prakashan
Date of publication, distribution, etc. 1992
300 ## - PHYSICAL DESCRIPTION
Extent 738
546 ## - LANGUAGE NOTE
Language note ENGLISH
654 ## - SUBJECT ADDED ENTRY--FACETED TOPICAL TERMS
Focus term Advanced costing
942 ## - ADDED ENTRY ELEMENTS (KOHA)
Koha item type BOOK
Holdings
Withdrawn status Lost status Damaged status Not for loan Collection Home library Current library Date acquired Total Checkouts Full call number Barcode Date last seen Price effective from Koha item type
        CRC Fr. Agnel's C.Rodrigues College of Engineering Fr. Agnel's C.Rodrigues College of Engineering 17/03/2023   658.152 JAG 11652 17/03/2023 17/03/2023 BOOK